[Event "Titled Tuesday intern op 24th Sep Early"]
[Site "Chess.com INT"]
[Date "2024.09.24"]
[Round "5"]
[White "De Miranda, Alexandre Pinto"]
[Black "Markovits, Alex"]
[Result "0-1"]
[WhiteElo "2053"]
[BlackElo "2153"]
[PlyCount "96"]
[EventDate "2024.09.24"]
[EventType "swiss (blitz)"]
[EventRounds "11"]
[EventCountry "USA"]
[SourceTitle "EXT 2025"]
[Source "ChessBase"]
[SourceDate "2024.10.14"]
[SourceVersion "1"]
[SourceVersionDate "2024.10.14"]
[SourceQuality "1"]

1. e4 c5 2. Nf3 Nc6 3. Bb5 e5 4. d3 Nge7 5. c3 a6 6. Ba4 b5 7. Bc2 g6 8. 0-0 Bg7 9. Re1 0-0 10. Nbd2 d5 11. Qe2 Bb7 12. Nf1 Qd7 13. h3 f5 14. Ng3 f4 15. Nf1 d4 16. Bb3+ Kh8 17. cxd4 Nxd4 18. Nxd4 exd4 19. Nh2 Nc6 20. Bd5 Ne5 21. Bxb7 Qxb7 22. Nf3 Rad8 23. Nxe5 Bxe5 24. b3 f3 25. gxf3 Rf4 26. Bxf4 Bxf4 27. e5 Qe7 28. Qf1 Rf8 29. Re4 Rf5 30. Kh1 Bxe5 31. Rae1 Qf6 32. Qg2 Bf4 33. Re8+ Kg7 34. R8e7+ Kh6 35. R7e6 Qh4 36. Qg4 Qxg4 37. fxg4 Rf8 38. Kg2 Bd2 39. R1e5 Bb4 40. Rxa6 Kg7 41. Ra7+ Kf6 42. Rd5 Re8 43. Kf3 Re1 44. Rd6+ Ke5 45. Rb6 Kd5 46. Rxb5 Rh1 47. Kg2 Rd1 48. Rxh7 Rxd3 0-1

[Event "Titled Tuesday intern op 24th Sep Early"]
[Site "Chess.com INT"]
[Date "2024.09.24"]
[Round "11"]
[White "Markovits, Alex"]
[Black "Vasynda, Oleksandr"]
[Result "1-0"]
[WhiteElo "2153"]
[BlackElo "2254"]
[PlyCount "89"]
[EventDate "2024.09.24"]
[EventType "swiss (blitz)"]
[EventRounds "11"]
[EventCountry "USA"]
[SourceTitle "EXT 2025"]
[Source "ChessBase"]
[SourceDate "2024.10.14"]
[SourceVersion "1"]
[SourceVersionDate "2024.10.14"]
[SourceQuality "1"]

1. e4 c5 2. c3 Nf6 3. e5 Nd5 4. Nf3 Nc6 5. Bc4 Nb6 6. Bb3 c4 7. Bc2 d6 8. exd6 Qxd6 9. 0-0 Bg4 10. Re1 e6 11. Na3 Be7 12. Qe2 0-0 13. Nxc4 Nxc4 14. Qxc4 Bxf3 15. gxf3 Bf6 16. Be4 Rac8 17. Qf1 Ne5 18. d4 Ng6 19. Bxb7 Rb8 20. Be4 a6 21. Qh3 Rb5 22. a4 Ra5 23. b4 Rg5+ 24. Bxg5 Bxg5 25. Qh5 Bf4 26. Bxg6 fxg6 27. Qc5 Qd8 28. Re4 Bd6 29. Qc4 Qg5+ 30. Kf1 Bxh2 31. Qxe6+ Kh8 32. Qg4 Qd2 33. Rae1 Qxc3 34. Re8 Qxb4 35. Qc8 Bd6 36. Rxf8+ Bxf8 37. Re8 Kg8 38. Qe6+ Kh8 39. Qf7 Qc4+ 40. Qxc4 h5 41. Rxf8+ Kh7 42. Qg8+ Kh6 43. f4 g5 44. Qh8+ Kg6 45. f5# 1-0

[Event "Titled Tuesday intern op 17th Sep Early"]
[Site "Chess,com INT"]
[Date "2024.09.17"]
[Round "9"]
[White "Daulet, Alikhan"]
[Black "Markovits, Alex"]
[Result "1-0"]
[WhiteElo "2004"]
[BlackElo "2153"]
[PlyCount "53"]
[EventDate "2024.09.17"]
[EventType "swiss (blitz)"]
[EventRounds "11"]
[EventCountry "USA"]
[SourceTitle "EXT 2025"]
[Source "ChessBase"]
[SourceDate "2024.10.14"]
[SourceVersion "1"]
[SourceVersionDate "2024.10.14"]
[SourceQuality "1"]

1. d4 Nf6 2. Nc3 d5 3. Bf4 Bf5 4. e3 e6 5. Nf3 Bd6 6. Ne5 Bxe5 7. Bxe5 Nbd7 8. Bg3 Kf8 9. Bd3 Bg6 10. Qe2 a6 11. e4 Nb6 12. e5 Nfd7 13. h4 Bxd3 14. cxd3 h5 15. Bf4 c5 16. dxc5 Nxc5 17. d4 Ne4 18. Nxe4 dxe4 19. Qxe4 Nd5 20. Bd2 Rc8 21. 0-0 g6 22. Rac1 Kg7 23. Rxc8 Qxc8 24. Rc1 Qd7 25. Qc2 Qb5 26. Bg5 Qe2 27. Qxe2 1-0

[Event "Titled Tuesday intern op 17th Sep Early"]
[Site "Chess,com INT"]
[Date "2024.09.17"]
[Round "7"]
[White "Markovits, Alex"]
[Black "Cieslak, Wiktoria"]
[Result "1-0"]
[WhiteElo "2153"]
[BlackElo "1897"]
[PlyCount "67"]
[EventDate "2024.09.17"]
[EventType "swiss (blitz)"]
[EventRounds "11"]
[EventCountry "USA"]
[SourceTitle "EXT 2025"]
[Source "ChessBase"]
[SourceDate "2024.10.14"]
[SourceVersion "1"]
[SourceVersionDate "2024.10.14"]
[SourceQuality "1"]

1. e4 c5 2. c3 Nf6 3. e5 Nd5 4. Nf3 Nc6 5. Bc4 e6 6. d4 cxd4 7. cxd4 d6 8. 0-0 Be7 9. Qe2 0-0 10. Nc3 Nxc3 11. bxc3 dxe5 12. dxe5 Qc7 13. Bd3 f5 14. exf6 Bxf6 15. Qe4 g6 16. Bf4 Qg7 17. Rab1 Bxc3 18. Ng5 Qf6 19. Be3 e5 20. Qc4+ Kh8 21. Qxc3 Bf5 22. Ne4 Bxe4 23. Bxe4 Rac8 24. Qd2 Rfd8 25. Qe2 b6 26. Qg4 Ne7 27. h4 Qf7 28. Rbc1 Rxc1 29. Rxc1 Nf5 30. Bg5 Rf8 31. Bxf5 gxf5 32. Qc4 e4 33. Qxf7 Rxf7 34. Bh6 1-0

[Event "Titled Tuesday intern op 17th Sep Early"]
[Site "Chess,com INT"]
[Date "2024.09.17"]
[Round "4"]
[White "Markovits, Alex"]
[Black "Iskusnyh, Sergei"]
[Result "0-1"]
[WhiteElo "2153"]
[BlackElo "2440"]
[PlyCount "62"]
[EventDate "2024.09.17"]
[EventType "swiss (blitz)"]
[EventRounds "11"]
[EventCountry "USA"]
[SourceTitle "EXT 2025"]
[Source "ChessBase"]
[SourceDate "2024.10.14"]
[SourceVersion "1"]
[SourceVersionDate "2024.10.14"]
[SourceQuality "1"]

1. e4 e6 2. d4 d5 3. exd5 exd5 4. Nf3 Nf6 5. Bd3 c5 6. 0-0 Nc6 7. Re1+ Be7 8. dxc5 0-0 9. Nc3 Bxc5 10. Bg5 Be6 11. Qd2 Re8 12. Rad1 h6 13. Bxh6 gxh6 14. Qxh6 Bf8 15. Qh4 Bg7 16. Ng5 Qb6 17. Ne2 Ne5 18. Nf4 Nxd3 19. Rxd3 Bf5 20. Rdd1 Qxb2 21. h3 Qxc2 22. Qg3 Rxe1+ 23. Rxe1 Qd2 24. Re7 Rf8 25. Nf3 Qc1+ 26. Kh2 Ne4 27. Qh4 Bf6 28. Qh5 Qxf4+ 29. g3 Bg6 30. Qxg6+ fxg6 31. gxf4 Bxe7 0-1

[Event "Titled Tuesday intern op 17th Sep Early"]
[Site "Chess,com INT"]
[Date "2024.09.17"]
[Round "11"]
[White "Markovits, Alex"]
[Black "Voitovich, Vladislav"]
[Result "0-1"]
[WhiteElo "2153"]
[BlackElo "2319"]
[PlyCount "92"]
[EventDate "2024.09.17"]
[EventType "swiss (blitz)"]
[EventRounds "11"]
[EventCountry "USA"]
[SourceTitle "EXT 2025"]
[Source "ChessBase"]
[SourceDate "2024.10.14"]
[SourceVersion "1"]
[SourceVersionDate "2024.10.14"]
[SourceQuality "1"]

1. e4 Nf6 2. e5 Nd5 3. c4 Nb6 4. d4 d6 5. exd6 exd6 6. Nc3 Nc6 7. d5 Ne5 8. f4 Ng6 9. Nf3 Bg4 10. Bd3 Be7 11. 0-0 0-0 12. h3 Bxf3 13. Qxf3 Bf6 14. Bd2 Re8 15. Rae1 Qd7 16. Kh2 a6 17. g3 Rxe1 18. Rxe1 Re8 19. Qf1 h5 20. Rxe8+ Qxe8 21. h4 Nd7 22. Qf3 Nc5 23. Bc2 b5 24. cxb5 axb5 25. Qxh5 b4 26. Nd1 Qa8 27. Bxg6 fxg6 28. Qxg6 Qxd5 29. Qc2 Nd3 30. Ne3 Qe4 31. Qc4+ Qxc4 32. Nxc4 Nxb2 33. Nxb2 Bxb2 34. Bxb4 c5 35. Be1 c4 36. Kg2 c3 37. Kf3 c2 38. Bd2 c1Q 39. Bxc1 Bxc1 40. Ke4 Kf7 41. Kd5 Ke7 42. a4 Bd2 43. f5 Be1 44. a5 Bxg3 45. a6 Bf2 46. Kc6 Bc5 0-1

[Event "Titled Tuesday intern op 03rd Sep Early"]
[Site "Chess.com INT"]
[Date "2024.09.03"]
[Round "4"]
[White "Cervantes Landeiro, Thalia"]
[Black "Markovits, Alex"]
[Result "1-0"]
[WhiteElo "2303"]
[BlackElo "2153"]
[PlyCount "71"]
[EventDate "2024.09.03"]
[EventType "swiss (blitz)"]
[EventRounds "11"]
[EventCountry "USA"]
[SourceTitle "EXT 2025"]
[Source "ChessBase"]
[SourceDate "2024.10.14"]
[SourceVersion "1"]
[SourceVersionDate "2024.10.14"]
[SourceQuality "1"]

1. d4 Nf6 2. c4 e6 3. Nf3 Bb4+ 4. Nbd2 0-0 5. a3 Bxd2+ 6. Qxd2 a5 7. e3 a4 8. Bd3 d6 9. 0-0 Nc6 10. e4 e5 11. d5 Na5 12. Qe2 Nb3 13. Rb1 b6 14. Be3 Ng4 15. h3 Nxe3 16. fxe3 Bd7 17. Qf2 Qe7 18. Nh4 Nc5 19. Bc2 f6 20. Nf5 Bxf5 21. exf5 e4 22. Rbd1 Rfe8 23. Rd4 Rab8 24. Qh4 b5 25. cxb5 Rxb5 26. Bxa4 Nxa4 27. Rxa4 Rxb2 28. Rf4 Qd7 29. Raxe4 Rxe4 30. Rxe4 Qxf5 31. Rf4 Qb1+ 32. Kh2 g5 33. Qg4 Qg6 34. Qe6+ Kg7 35. Rc4 g4 36. Rxg4 1-0

[Event "Titled Tuesday intern op 03rd Sep Early"]
[Site "Chess.com INT"]
[Date "2024.09.03"]
[Round "3"]
[White "Laddha, Shubh Jayesh"]
[Black "Markovits, Alex"]
[Result "1-0"]
[WhiteElo "2308"]
[BlackElo "2153"]
[PlyCount "83"]
[EventDate "2024.09.03"]
[EventType "swiss (blitz)"]
[EventRounds "11"]
[EventCountry "USA"]
[SourceTitle "EXT 2025"]
[Source "ChessBase"]
[SourceDate "2024.10.14"]
[SourceVersion "1"]
[SourceVersionDate "2024.10.14"]
[SourceQuality "1"]

1. e4 c5 2. Nc3 Nc6 3. Nf3 g6 4. Bb5 Bg7 5. Bxc6 bxc6 6. 0-0 e5 7. d3 d6 8. Nd2 Nf6 9. Nc4 0-0 10. a3 Qe7 11. f4 exf4 12. Bxf4 Rd8 13. Bg5 h6 14. Bh4 g5 15. Bg3 Ng4 16. h3 Bd4+ 17. Kh1 Ne5 18. Nxe5 Bxe5 19. Bxe5 Qxe5 20. Qh5 Qg7 21. Ne2 Rb8 22. b3 Be6 23. Ng3 Qg6 24. Qe2 Re8 25. Qf2 a5 26. a4 Rb4 27. Rae1 Rd4 28. Qd2 Rb4 29. Qc3 Qg7 30. Rf6 Kf8 31. Nh5 Qh8 32. Ref1 Ke7 33. e5 d5 34. Qxc5+ Kd7 35. Qd6+ Kc8 36. Qxc6+ Kb8 37. Qd6+ Kb7 38. Rxf7+ Bxf7 39. Rxf7+ Ka8 40. Qa6+ Kb8 41. Qa7+ Kc8 42. Qc7# 1-0

[Event "Titled Tuesday intern op 03rd Sep Early"]
[Site "Chess.com INT"]
[Date "2024.09.03"]
[Round "1"]
[White "Markovits, Alex"]
[Black "Rangel, Daniel"]
[Result "1-0"]
[WhiteElo "2153"]
[BlackElo "2198"]
[PlyCount "127"]
[EventDate "2024.09.03"]
[EventType "swiss (blitz)"]
[EventRounds "11"]
[EventCountry "USA"]
[SourceTitle "EXT 2025"]
[Source "ChessBase"]
[SourceDate "2024.10.14"]
[SourceVersion "1"]
[SourceVersionDate "2024.10.14"]
[SourceQuality "1"]

1. e4 c5 2. c3 g6 3. d4 cxd4 4. cxd4 d5 5. e5 Bg7 6. Nc3 Nc6 7. Bb5 e6 8. h4 h5 9. Nf3 Nge7 10. 0-0 a6 11. Bd3 b5 12. Bg5 0-0 13. Rc1 Bd7 14. Qd2 Qb6 15. Ne2 Rfc8 16. Qf4 Nf5 17. Bxf5 exf5 18. Bf6 Nd8 19. Bxg7 Kxg7 20. Qg5 Ne6 21. Qf6+ Kg8 22. Nf4 Qd8 23. Qxd8+ Rxd8 24. Nxd5 Kg7 25. Nf6 Nf4 26. Rc2 b4 27. Rd1 Bb5 28. Rdd2 Rac8 29. Rxc8 Rxc8 30. d5 Rc1+ 31. Kh2 Rc8 32. d6 Rd8 33. Nd4 Bc4 34. b3 Be6 35. Nxe6+ Nxe6 36. g3 f4 37. Kg2 fxg3 38. fxg3 Nc5 39. Kf3 a5 40. Rd5 Ne6 41. Rxa5 Nd4+ 42. Ke4 Nf5 43. Rb5 Nxg3+ 44. Kd5 Nf5 45. Rxb4 g5 46. hxg5 h4 47. Rf4 Kg6 48. Kc6 h3 49. Rf3 Rh8 50. Rf1 Ng3 51. Re1 h2 52. d7 Kxg5 53. Ne8 Kf5 54. d8Q h1Q+ 55. Rxh1 Rxh1 56. Qf6+ Kg4 57. Qxf7 Rc1+ 58. Kb5 Rd1 59. Nf6+ Kf3 60. e6 Re1 61. Nd5+ Kg2 62. e7 Re5 63. e8Q Rxd5+ 64. Qxd5+ 1-0